Bioethics : a nursing perspective / Megan-Jane Johnstone AO, PhD, BA, RN. (Record no. 20316)

000 -LEADER
fixed length control field 02416cam a2200217 i 4500
020 ## - INTERNATIONAL STANDARD BOOK NUMBER
ISBN 9780729544283 paperback
082 04 - DEWEY DECIMAL CLASSIFICATION NUMBER
Classification number 174.2
Item number J738 2023
100 1# - MAIN ENTRY--AUTHOR NAME
Personal name Johnstone, Megan-Jane, author.
245 10 - TITLE STATEMENT
Title Bioethics : a nursing perspective / Megan-Jane Johnstone AO, PhD, BA, RN.
250 ## - EDITION STATEMENT
Edition statement Eighth edition.
260 ## - PUBLICATION, DISTRIBUTION, ETC. (IMPRINT)
Place of publication Chatswood, NSW :
Name of publisher Elsevier,
Year of publication ©2023.
300 ## - PHYSICAL DESCRIPTION
Number of Pages xvi, 408 pages :
Other physical details illustrations ; 24 cm.
500 ## - GENERAL NOTE
General note Previous edition: 2019
505 0# - FORMATTED CONTENTS NOTE
Formatted contents note Professional standards and the requirement to be ethical -- Ethics, bioethics and nursing ethics: some working definitions -- Moral theory and the ethical practice of nursing -- Moral problems in nursing and health care contexts -- Moral decision-making in nursing and health care contexts -- Cross-cultural ethics and the ethical practice of nursing -- Ethics, dehumanisn and vulnerable populations -- Patients' rights to and in health care -- Ethical issue in mental health care -- Ethical issues in end-of-life care -- The moral politics of abortion and euthanasia -- Professional judgment, moral quandries, and taking appropriate action-- Professional obligations to report harmful behaviours: risks to patient safety, child abuse, and elder abuse -- Pandemic ethics -- Ethics and public health emergencies: climate change, antimicrobial resistance, health inequities, and emergency preparedess
520 ## - SUMMARY, ETC.
Summary, etc "Now in its eighth edition, Bioethics: A Nursing Perspective provides practical guidance on the ethical issues you might come across in nursing practice, with real-world examples that help to bring this important subject to life. Author Dr Megan-Jane Johnstone AO, Australia's foremost nursing ethics scholar, provides a comprehensive framework for negotiating the ethical challenges, obligations and responsibilities you might face. The text is engaging and easy to follow, and has been fully updated to reflect current issues in health care such as nurse practitioner assisted dying, pandemic ethics, and the moral costs of misinformation and medical conspiracy theories. . This book is a suitable companion to the law and ethics components of both undergraduate and postgraduate nursing studies, and is relevant for all nurses who encounter ethical problems in their everyday practice." --
650 #0 - SUBJECT ADDED ENTRY--TOPICAL TERM
Topical Term Nursing ethics.
650 #0 - SUBJECT ADDED ENTRY--TOPICAL TERM
Topical Term Bioethics.
650 12 - SUBJECT ADDED ENTRY--TOPICAL TERM
Topical Term Ethics, Nursing.
650 22 - SUBJECT ADDED ENTRY--TOPICAL TERM
Topical Term Bioethical Issues.
942 ## - ADDED ENTRY ELEMENTS (KOHA)
Koha item type Books
Holdings
Source of acquisition Permanent Location Date acquired Koha item type Collection code Accession Number Lost status Shelving location Withdrawn status Current Location Full call number
SchoolCagayan State University - Carig Library2025-04-02BooksNursingN000176 Nursing Library Cagayan State University - Carig Library174.2 J738 2023
SchoolCagayan State University - Carig Library2025-04-02BooksNursingN000177 Nursing Library Cagayan State University - Carig Library174.2 J738 2023
SchoolCagayan State University - Carig Library2025-04-02BooksNursingN000178 Nursing Library Cagayan State University - Carig Library174.2 J738 2023
SchoolCagayan State University - Carig Library2025-04-02BooksNursingN000179 Nursing Library Cagayan State University - Carig Library174.2 J738 2023
SchoolCagayan State University - Carig Library2025-04-02BooksNursingN000180 Nursing Library Cagayan State University - Carig Library174.2 J738 2023

Cagayan State University University Library, Carig Campus
Tuguegarao City, Cagayan 3500 | www.csucarig.edu.ph

Powered by Koha